Online
Catalog
Normal view MARC view

Entry Nombre personal

Number of records used in: 2

001 - NÚMERO DE CONTROL

  • campo de control: 75247

003 - IDENTIFICADOR DEL NÚMERO DE CONTROL

  • campo de control: BNPHU

005 - FECHA Y HORA DE LA ÚLTIMA TRANSACCIÓN

  • campo de control: 20240305121704.0

008 - DATOS DE LONGITUD FIJA

  • campo de control de longitud fija: 200615|| aca||aabn | a|a d

040 ## - FUENTE DE LA CATALOGACIÓN

  • Centro catalogador/agencia de origen: DO-SdBNP
  • Lengua de catalogación: spa
  • Centro/agencia transcriptor: BNPHU
  • Normas de descripción: rda

082 ## - SIGNATURA TOPOGRÁFICA DECIMAL DEWEY

  • Número de clasificación: RD863.5
  • Número de documento/Ítem: M857a
  • Volúmenes/fechas a la cual la signatura topográfica aplica: 22

100 1# - ENCABEZAMIENTO-NOMBRE DE PERSONA

  • Nombre de persona: Morilla, Neris

370 ## - LUGAR ASOCIADO

  • Lugar de nacimiento: Tenares, República Dominicana

375 ## - GÉNERO/SEXO

  • Género/Sexo: Femenino

377 ## - LENGUA/LENGUAJE ASOCIADO

  • Código del idioma: spa

400 1# - TRAZADO DE VÉASE--NOMBRE DE PERSONA

  • Nombre de persona: Noris M.

670 ## - FUENTE DE DATOS ENCONTRADOS

  • Cita de la fuente: Work cat.: (OSt)47101: Morilla, Neris, Anabelle. /, 2017.

Powered by Koha